Normal view
MARC view
Entry Personal Name
001 - CONTROL NUMBER
- control field: 44293
003 - CONTROL NUMBER IDENTIFIER
- control field: dpl
005 - DATE AND TIME OF LATEST TRANSACTION
- control field: 20120326124001.0
008 - FIXED-LENGTH DATA ELEMENTS
- fixed length control field: 120326|||a|||||| | ||| d
040 ## - CATALOGING SOURCE
- Original cataloging agency: dpl
- Transcribing agency: dpl
100 ## - HEADING--PERSONAL NAME
- Personal name: केडिया, ओंकार
670 ## - SOURCE DATA FOUND
- Source citation: Work cat.: (dpl): केडिया, ओंकार, आम नागरिक आधिकार और सुविधाएं /, 2001
670 ## - SOURCE DATA FOUND
- Source citation: Work cat.: (dpl): केडिया, ओंकार, आम नागरिक आधिकार और सुविधाएं /, 2001
